Bandiere senza un colore - Statistics

Statistiche generali
  • Questo quiz è stato fatto 62 volte
  • Il punteggio medio è 31 su 50
Statistiche sulle risposte
Hint Risposta % Corretto
89%
87%
85%
84%
82%
82%
82%
80%
80%
78%
76%
76%
73%
73%
73%
71%
69%
69%
69%
67%
67%
67%
65%
64%
64%
64%
64%
62%
62%
62%
62%
60%
58%
56%
55%
55%
55%
53%
53%
53%
51%
51%
51%
49%
47%
42%
36%
35%
20%
4%
Nessun quiz corrispondente trovato
Distribuzione punteggi
Percentuale di utenti per punteggio
Percentile per numero di risposta
I tuoi punteggi nel tempo
Non hai fatto questo quiz